| 000 | 00504nam a2200181Ia 4500 | ||
|---|---|---|---|
| 999 |
_c26862 _d26862 |
||
| 003 | OSt | ||
| 005 | 20201215151313.0 | ||
| 008 | 190216s9999||||xx |||||||||||||| ||und|| | ||
| 020 | _a8171802338 | ||
| 040 | _coclc | ||
| 082 |
_a894.8124 _bTHO/D |
||
| 100 |
_aThomas, C J _96777 |
||
| 245 | 0 |
_aDhikkariyute Kathal / _cC J Thomas |
|
| 260 |
_bPoorna Publication, _aKozhikode: _c1991. |
||
| 300 | _a132p | ||
| 650 | _aLekhanam | ||
| 942 |
_cBK _2ddc _h894.8124 _iTHO/D _k894.8124 _mTHO/D |
||